Rastie záujem o podnikanie štatistika vydáva identifikačné čísla

Bibliographic Details
Format: Article
Language:Slovak
Subjects:

MARC

LEADER 00000nab a2200000 a 4500
001 vtls000913501
003 SK-MaSNL
005 20260303193604.0
008 040720e19910306xo 0 slo
035 |a KE22401 
040 |a KEVKJB  |b slo  |c KEVKJB  |e AACR2 
041 0 |a slo 
044 |a xo  |c SK 
080 |a 334.7  |2 1981 
245 0 0 |a Rastie záujem o podnikanie  |b štatistika vydáva identifikačné čísla  |c (lk) 
650 0 7 |a podnikanie súkromné  |2 KEVKJB  |9 375683 
650 0 7 |a vydávanie povoleni  |2 KEVKJB  |9 1224930 
650 0 7 |a štatistické údaje  |2 KEVKJB  |9 71119 
773 0 8 |t Vidiek  |g Roč. 1  |g Roč. 28, č. 5 (1991), s. 1 
852 |a ZVYKNI  |b KIS3GCP 
999 |c 2153147  |d 2155077